Firemný odšťavovač! z čoho vyplýva stres a ako udržať naše produktívne zdroje trvale fit?

Stres na pracovisku. Úloha manažéra pri eliminácii stresu. Nekompetencia zamestnancov. Nedôvera, resp. dôvera v schopnosti. Delegovanie úloh. Nezvládnutý time management. Atmosféra na pracovisku.

Guardado en:
Detalles Bibliográficos
Autor principal: Csongár, Katarína
Formato: Capítulo de libro
Lenguaje:eslovaco
Materias:
Etiquetas: Agregar Etiqueta
Sin Etiquetas, Sea el primero en etiquetar este registro!

MARC

LEADER 00000naa a2200000 4500
001 0221020
005 20230912114915.1
041 0 |a slo 
044 |a SK 
245 1 0 |a Firemný odšťavovač!  |b z čoho vyplýva stres a ako udržať naše produktívne zdroje trvale fit?  |c Katarína Csongár 
520 |a Stres na pracovisku. Úloha manažéra pri eliminácii stresu. Nekompetencia zamestnancov. Nedôvera, resp. dôvera v schopnosti. Delegovanie úloh. Nezvládnutý time management. Atmosféra na pracovisku. 
610 2 0 |a riadenie 
610 2 0 |a vedenie ľudí 
610 2 0 |a manažéri 
610 2 0 |a zamestnanci 
610 2 0 |a stresy 
610 2 0 |a delegovanie právomoci 
610 2 0 |a manažment času 
610 2 0 |a pracovisko 
100 1 |a Csongár, Katarína